Návrh opatrení na zlepšenie činnosti podniku VUKI a.s. Bratislava, na základe výsledkov finančno-ekonomickej analýzy
Guardado en:
| Autor principal: | |
|---|---|
| Otros Autores: | |
| Formato: | Manuscrito Libro |
| Lenguaje: | eslovaco |
| Publicado: |
2017
|
| Materias: | |
| Acceso en línea: | http://is.stuba.sk/zp/portal_zp.pl?podrobnosti=118413 |
| Etiquetas: |
Sin Etiquetas, Sea el primero en etiquetar este registro!
|
MARC
| LEADER | 00000ntm a22000003a 4500 | ||
|---|---|---|---|
| 001 | stuzp56651 | ||
| 003 | SK-STU | ||
| 005 | 20170603210159.9 | ||
| 007 | ta | ||
| 008 | 150427s2015----xo-----f-mn---000-0-slo-d | ||
| 040 | |a STU |b slo | ||
| 041 | 0 | |a slo | |
| 100 | 1 | |a Chmelan, Marek |u 064000 |k Z4 |4 aut |U MTF Materiálovotechnologická fakulta |T MTF Ústav priemyselného inžinierstva a manažmentu |X 68777 |U M4000 |Y 84 |7 A000068777 | |
| 242 | 0 | 1 | |a Proposal of policies to improve business operations of company VUKI Inc. Bratislava, based on results of financial-economic analysis |y eng |
| 245 | 1 | 0 | |a Návrh opatrení na zlepšenie činnosti podniku VUKI a.s. Bratislava, na základe výsledkov finančno-ekonomickej analýzy |
| 260 | |c 2017 | ||
| 650 | 4 | |a finančná analýza |2 slo | |
| 650 | 4 | |a finančná situácia |2 slo | |
| 650 | 4 | |a podnik |2 slo | |
| 650 | 4 | |a ukazovatele |2 slo | |
| 650 | 4 | |a financial analysis |2 eng | |
| 650 | 4 | |a financial situation |2 eng | |
| 650 | 4 | |a company |2 eng | |
| 650 | 4 | |a indicators |2 eng | |
| 700 | 1 | |a Baran, Dušan |u 064000 |k Z1 |4 ths |U MTF Materiálovotechnologická fakulta |T MTF Ústav priemyselného inžinierstva a manažmentu |X 1021 |U M4000 |Y 84 |7 A000001021 | |
| 856 | 4 | |u http://is.stuba.sk/zp/portal_zp.pl?podrobnosti=118413 | |
| 996 | |c M* DP-13225 |l MMSKP |s P |a 0 |w stuzp56651_0001 | ||